000 00514nam a2200169Ia 4500
005 20250923150031.0
008 008 250917s9999 xx 000 0 eng d
037 _aTextual
040 _aDSWL
_beng
_cDSWL
041 _aeng
_2eng
084 _aXY,A;5-Px2, N99
_qDSWL
245 0 _aImplementing a reproductive health agenda in India
_cEd. by Saroj Pachauri
260 _aNew Delhi
_b Population Council
_c1999
300 _a608 p.
942 _cTEXL
_hXY,A;5-Px2, N99
999 _c1458789
_d1458789